| 000 | 00386nam a22001457a 4500 | ||
|---|---|---|---|
| 020 |
_a9788126557486 _qPB |
||
| 040 |
_cNUST _dNUST |
||
| 082 |
_a658.5752 _bOTT |
||
| 100 |
_aSeider, Warren & Seader , J.D. _918922 |
||
| 245 | _aProduct and Process Design Principles | ||
| 250 | _a3rd ed. | ||
| 260 |
_aNew Delhi , ; _bPearson , _c2015. |
||
| 300 |
_a728 p. ; _b28 cm. |
||
| 942 |
_2ddc _cBK |
||
| 999 |
_c527593 _d527593 |
||